| 000 | 00377pam a2200157a 44500 | ||
|---|---|---|---|
| 008 | 230405s1989 xxu||||| |||| 00| 0 eng d | ||
| 041 | _aENG | ||
| 100 | _aDENOLA LYNN.A | ||
| 245 | _aDATA COMMUNICATION FUNDAMENTALS & APPLICATIONS | ||
| 250 | _a1989 | ||
| 260 |
_aNEW DELHI _bCBS PUB _c1989 |
||
| 300 | _aP.B, XXII,629 | ||
| 650 | _aE&TC | ||
| 690 | _aE&TC | ||
| 906 | _a483 | ||
| 999 |
_c814678 _d814678 |
||